000 01299nam a2200325 c 4500
003 BLK
005 20180422112358.0
008 180409b bul|||||r ||||||| ||bul||
010 _aKNG00148127000
040 _aBLK
041 _aBUL
_cBUL
080 _aБългарска литература
_b821.163.2
_x-93-1
_z821.163.2-93-1
100 1 _aПопова, Мария Д.
_eпърви автор
_9327546
700 1 _aРусчев, Апостол
_eхудож.
_9371056
139 _aПопова, Мария Д.
_bП 76
245 1 0 _aЧудната гостенка
_bМалки поеми : За предучилищна и начална училищна възраст
_cМария Д. Попова; худож. Апостол Русчев.
257 _aBGR
260 София
_bНар. младеж
_c1960
300 _a28 с.
_bс ил.
_c17Х24 см
380 _aDX
490 1 _aБиблиотека Дружинка
_v12
500 _a15 100 тир.
653 _aдетска литература
653 _aлитература за деца
852 _aЦб І 34913
856 4 _qpdf
_u
856 4 _qpdf
_u
942 _cKNG
_n0
944 _aCR
_c01.08.2013
_l01.08.2013 - от С1,Р / 01.08.2013
_kРадинела_Гицова
944 _aED
_c01.08.2013
_l01.08.2013 - от С1,Р / 01.08.2013
_k
999 _c142051
_d142051